|
书名:
|
数学
|
|
|
作者:
|
吴大帆
,
尹明
编
|
|
出版信息:
|
武汉
湖北教育出版社
1987.09
|
|
开本页数:
|
19cm 
185页
|
|
丛书名:
|
|
|
单 册:
|
|
|
中图分类:
|
O1
|
|
科图分类:
|
|
|
主题词:
|
数学
|
|
电子资源:
|
|
|
ISBN:
|
7-5351-0216-6
|
|
000
|
00578nam0 2200217 450
|
|
001
|
0670810094
|
|
005
|
20060309194038.48
|
|
010
|
|
@a7-5351-0216-6@dCNY0.78
|
|
100
|
|
@a20060309d1987 km y0chiy0120 ea
|
|
101
|
0
|
@achi
|
|
102
|
|
@aCN@b420000
|
|
200
|
1
|
@a数学@e自测题@f吴大帆,尹明编@Fwu da fan,yin ming bian
|
|
210
|
|
@a武汉@c湖北教育出版社@d1987.09
|
|
215
|
|
@a185页@d19cm
|
|
517
|
1
|
@a自测题@Azi ce ti
|
|
606
|
0
|
@a数学
|
|
690
|
|
@aO1@v3
|
|
701
|
0
|
@a吴大帆@Awu da fan@4编
|
|
701
|
0
|
@a尹明@Ayin ming@4编
|
|
801
|
0
|
@aCN@bNISOFT@c20060309
|
|
905
|
|
@a10447@dO1@e761
|
|
|
|
|
| |
| 数学:自测题/吴大帆,尹明编.-武汉:湖北教育出版社,1987.09 |
| 185页;19cm |
| |
| |
| ISBN 7-5351-0216-6:CNY0.78 |
| |
| ● |
正题名:数学
索取号:O1/761
 
预约/预借
| 序号
|
登录号
|
条形码
|
馆藏地/架位号
|
状态
|
备注
|
|
1
|
112744
|
201127440
|
海科密-1楼/46架9列4层/
[索取号:O1/761]
|
在馆
|
|